Statistics for City Decoder #1 (Easy)

Click here to take the quiz!

General Stats

  • This quiz has been taken 60 times
  • The average score is 8 of 11

Answer Stats

HintCity% Correct
Capital of GermanyBerlin
100%
Capital of ItalyRome
98%
Capital of TurkeyAnkara
82%
Largest city in a country crossing two continentsIstanbul
79%
Capital of EstoniaTallinn
79%
Capital of ChileSantiago
77%
Secret AnswerBratislava
70%
Capital of LithuaniaVilnius
70%
One of the capitals of BoliviaLa Paz
66%
Largest city, but not the capital of KazakhstanAlmaty
43%
Largest city, but not the capital of the Ivory CoastAbidjan
39%

Score Distribution

Percentile by Number Answered

Percent of People with Each Score

Your Score History

You have not taken this quiz